[Event "Figueira da Foz op 12th"]
[Site "Figueira da Foz"]
[Date "2018.11.01"]
[Round "6"]
[White "Marcal, Armando Paulo Gomes"]
[Black "Ferreira, Cristina"]
[Result "1-0"]
[WhiteElo "1751"]
[BlackElo "1069"]
[PlyCount "49"]
[EventDate "2018.10.28"]
[EventType "swiss"]
[EventRounds "9"]
[EventCountry "POR"]
[SourceTitle "CBM 187 Extra"]
[Source "ChessBase"]
[SourceDate "2018.11.04"]
[SourceVersion "1"]
[SourceVersionDate "2018.11.04"]
[SourceQuality "1"]

1. e4 e5 2. Nf3 Nc6 3. d4 Bb4+ 4. c3 Ba5 5. d5 Nce7 6. Nxe5 f6 7. Nc4 b6 8. d6 Ng6 9. dxc7 Qe7 10. Be2 Qc5 11. Nd6+ Kf8 12. b4 Bxb4 13. cxb4 Qxb4+ 14. Kf1 Qc5 15. Ba3 Qxc7 16. Nb5+ Qc5 17. Qd5 Rb8 18. Bxc5+ bxc5 19. Qd6+ N8e7 20. Qxb8 Kf7 21. Nd6+ Ke6 22. Bc4+ Ke5 23. Qb2+ Kxd6 24. Qb8+ Kc6 25. Bb5# 1-0

[Event "Sao Martinho do Porto op 1st"]
[Site "Sao Martinho do Porto"]
[Date "2018.09.21"]
[Round "9"]
[White "Ferreira, Cristina"]
[Black "Mueller, Dieter"]
[Result "0-1"]
[WhiteElo "1134"]
[BlackElo "1632"]
[PlyCount "80"]
[EventDate "2018.09.15"]
[EventType "swiss"]
[EventRounds "9"]
[EventCountry "POR"]
[SourceTitle "CBM 186 Extra"]
[Source "ChessBase"]
[SourceDate "2018.08.24"]
[SourceVersion "1"]
[SourceVersionDate "2018.08.24"]
[SourceQuality "1"]

1. e4 d6 2. d4 Nf6 3. Nc3 g6 4. Nf3 Bg7 5. Bb5+ c6 6. Be2 b5 7. Be3 b4 8. Nb1 Nxe4 9. 0-0 0-0 10. Qd3 Bf5 11. a3 Ng3 12. Qb3 Nxf1 13. Bxf1 Qa5 14. Nbd2 c5 15. Qd5 Nd7 16. Nb3 Qc7 17. axb4 cxb4 18. Na5 Nb6 19. Qb3 Qxc2 20. Qxb4 Nd5 21. Qb5 Nxe3 22. fxe3 Rfb8 23. Qd5 Be6 24. Qg5 f6 25. Qh4 Rxb2 26. Ne1 Qc7 27. Nd3 Rb5 28. Qe4 Bd5 29. Qf4 e5 30. Qg4 Rxa5 31. Rc1 Qd8 32. e4 Bf7 33. Nf2 h5 34. Qh3 Rb8 35. Bc4 Bxc4 36. Rxc4 Rb1+ 37. Nd1 Rxd1+ 38. Kf2 Ra2+ 39. Kg3 Rd3+ 40. Kh4 f5# 0-1

[Event "Sao Martinho do Porto op 1st"]
[Site "Sao Martinho do Porto"]
[Date "2018.09.15"]
[Round "2"]
[White "Ferreira, Cristina"]
[Black "Schleime, Franz Josef"]
[Result "0-1"]
[WhiteElo "1134"]
[BlackElo "1696"]
[PlyCount "60"]
[EventDate "2018.09.15"]
[EventType "swiss"]
[EventRounds "9"]
[EventCountry "POR"]
[SourceTitle "CBM 186 Extra"]
[Source "ChessBase"]
[SourceDate "2018.08.24"]
[SourceVersion "1"]
[SourceVersionDate "2018.08.24"]
[SourceQuality "1"]

1. d4 Nf6 2. Nf3 e6 3. e3 b6 4. Bd3 g6 5. 0-0 Bg7 6. b3 0-0 7. Ba3 Re8 8. Nc3 Bb7 9. e4 d6 10. Bb5 c6 11. Bd3 Qc7 12. Qd2 Nbd7 13. Rae1 c5 14. Qc1 a6 15. Qd1 cxd4 16. Nxd4 Qxc3 17. Ne2 Qc7 18. Nd4 Nc5 19. f3 Rac8 20. Bc1 e5 21. Ne2 Nxd3 22. cxd3 Qc2 23. Bg5 Qxd1 24. Rxd1 Rc2 25. Ng3 Rec8 26. Bd2 Rxa2 27. Bb4 Rcc2 28. Bxd6 Rxg2+ 29. Kh1 Rxh2+ 30. Kg1 Rag2# 0-1

[Event "Sao Martinho do Porto op 1st"]
[Site "Sao Martinho do Porto"]
[Date "2018.09.15"]
[Round "1"]
[White "Vonach, Bernhard"]
[Black "Ferreira, Cristina"]
[Result "1-0"]
[WhiteElo "1894"]
[BlackElo "1134"]
[PlyCount "33"]
[EventDate "2018.09.15"]
[EventType "swiss"]
[EventRounds "9"]
[EventCountry "POR"]
[SourceTitle "CBM 186 Extra"]
[Source "ChessBase"]
[SourceDate "2018.08.24"]
[SourceVersion "1"]
[SourceVersionDate "2018.08.24"]
[SourceQuality "1"]

1. Nf3 d5 2. b3 Nf6 3. Bb2 Nbd7 4. e3 e6 5. h3 Bd6 6. d4 0-0 7. Nbd2 b6 8. Bd3 Bb7 9. 0-0 c6 10. Ne5 Qc7 11. f4 c5 12. g4 Ne4 13. Rc1 Ndf6 14. g5 Nxd2 15. gxf6 Nxf1 16. Qh5 Ng3 17. Qxh7# 1-0